Nouveau code de procédure civile : Code de procédure civile; Code de l'organisation judiciaire; Voies d'exécution

Đã lưu trong:
书目详细资料
格式: 图书
语言:Undetermined
出版: Paris Dalloz 2002
主题:
标签: 添加标签
没有标签, 成为第一个标记此记录!
Thư viện lưu trữ: Trung tâm Học liệu Trường Đại học Cần Thơ
LEADER 00522nam a2200181Ia 4500
001 CTU_73010
008 210402s9999 xx 000 0 und d
082 |a 347.44 
082 |b N934 
245 0 |a Nouveau code de procédure civile : 
245 0 |b Code de procédure civile; Code de l'organisation judiciaire; Voies d'exécution 
260 |a Paris 
260 |b Dalloz 
260 |c 2002 
650 |a Civil procedure 
650 |z French 
904 |i Minh 
980 |a Trung tâm Học liệu Trường Đại học Cần Thơ